The survivor's guide to buying a freehold (Record no. 106747)

MARC details
000 -LEADER
fixed length control field 00961cam a2200253 4500
001 - CONTROL NUMBER
control field L137361
008 - FIXED-LENGTH DATA ELEMENTS--GENERAL INFORMATION
fixed length control field 070330s2007 xxk f 001 0 eng d
020 ## - INTERNATIONAL STANDARD BOOK NUMBER
International Standard Book Number 1905261101
-- 9781905261109
035 ## - SYSTEM CONTROL NUMBER
System control number (Sirsi) u137361
041 0# - LANGUAGE CODE
Language code of text/sound track or separate title eng
050 04 - LIBRARY OF CONGRESS CALL NUMBER
Classification number 346.4104346
100 1# - MAIN ENTRY--PERSONAL NAME
Personal name Callo, Kat
245 04 - TITLE STATEMENT
Title The survivor's guide to buying a freehold
260 ## - PUBLICATION, DISTRIBUTION, ETC.
Place of publication, distribution, etc. London
Name of publisher, distributor, etc. Law Pack Publishing Limited
Date of publication, distribution, etc. 2006
300 ## - PHYSICAL DESCRIPTION
Extent xxix, 266p.
Dimensions 23cm.
350 ## - PRICE (NR) (BK AM CF MU VM SE) [OBSOLETE]
Price 11.99
490 #0 - SERIES STATEMENT
Series statement Lawpack Property Series
520 ## - SUMMARY, ETC.
Summary, etc. Explains the processes involved step by step. Examines documentation in detail and explains the valuation process. Explains how to set up and manage a resident management company and deal with non-participant opposition. Deals with negotiation, appeals, and common pitfalls.
650 24 - SUBJECT ADDED ENTRY--TOPICAL TERM
Topical term or geographic name entry element LEASEHOLD REFORM ACT 1993
651 #4 - SUBJECT ADDED ENTRY--GEOGRAPHIC NAME
Geographic name England and Wales
Chronological subdivision 1543-
690 ## - LOCAL SUBJECT ADDED ENTRY--TOPICAL TERM (OCLC, RLIN)
Topical term or geographic name as entry element PROPERTY-PROPERTY ACQUISITION AND DISPOSAL
942 ## - ADDED ENTRY ELEMENTS (KOHA)
Suppress in OPAC 0
Holdings
Withdrawn status Lost status Source of classification or shelving scheme Damaged status Not for loan Home library Current library Shelving location Date acquired Cost, normal purchase price Total Checkouts Full call number Barcode Date last seen Date last checked out Copy number Cost, replacement price Price effective from Koha item type
    Dewey Decimal Classification     London London Books 26/04/2007 10.19 8 346.4104346 CAL 30072232 06/08/2019 05/05/2009 1 10.19 06/08/2019 Book